Statistics for Countries With Boundaries ToTurkey

Click here to take the quiz!

General Stats

  • This quiz has been taken 171 times
  • The average score is 8 of 8

Answer Stats

EnglishTürkçe% Correct
IraqIrak
99%
Iranİran
99%
SyriaSuriye
99%
GreeceYunanistan
99%
BulgariaBulgaristan
98%
AzerbaijanAzerbaycan
97%
ArmeniaErmenistan
97%
GeorgiaGürcistan
93%

Score Distribution

Percentile by Number Answered

Percent of People with Each Score

Your Score History

You have not taken this quiz